000 00272nam a22001337a 4500
008 170801b xxu||||| |||| 00| 0 eng d
020 _a1881228908
041 _aeng
080 _a004
100 _a32
101 _aSHKI
245 _aRELEASE 9
_cSTATA
942 _2udc
_cBK
999 _c22403
_d22403